বাংলাদেশের স্বাধীনতাযুদ্ধ ১২ খন্ড : (Record no. 8208)

MARC details
000 -LEADER
fixed length control field 01270nam a22002417a 4500
001 - CONTROL NUMBER
control field BD-DhSAU 8208
003 - CONTROL NUMBER IDENTIFIER
control field BD-DhSAU
005 - DATE AND TIME OF LATEST TRANSACTION
control field 20150611110200.0
008 - FIXED-LENGTH DATA ELEMENTS--GENERAL INFORMATION
fixed length control field 150611b1982 bg a||||r|||| 001 0 ben d
020 ## - INTERNATIONAL STANDARD BOOK NUMBER
International Standard Book Number 9843208528(set)
040 ## - CATALOGING SOURCE
Original cataloging agency BD-DhSAU
082 ## - DEWEY DECIMAL CLASSIFICATION NUMBER
Edition number 22
Classification number ৯৫৪.০৫১
Item number বাংলাদে
110 ## - MAIN ENTRY--CORPORATE NAME
Corporate name or jurisdiction name as entry element গণপ্রজাতন্ত্রী বাংলাদেশ সরকার
Subordinate unit মুক্তিযুদ্ধ বিষয়ক মন্ত্রণালয়
245 ## - TITLE STATEMENT
Title বাংলাদেশের স্বাধীনতাযুদ্ধ ১২ খন্ড :
Remainder of title দলিলপত্র /
260 ## - PUBLICATION, DISTRIBUTION, ETC. (IMPRINT)
Place of publication, distribution, etc. ঢাকা :
Name of publisher, distributor, etc. গণপ্রজাতন্ত্রী বাংলাদেশ সরকার,
Date of publication, distribution, etc. ১৯৮২.
300 ## - PHYSICAL DESCRIPTION
Extent xxxv, ১১৫১ পৃ. :
Other physical details চিত্র ;
Dimensions ২৪ সেমি
440 ## - SERIES STATEMENT/ADDED ENTRY--TITLE
Title বিদেশী প্রতিক্রিয়াঃ ভারত
Number of part/section of a work ১২ খন্ড
504 ## - BIBLIOGRAPHY, ETC. NOTE
Bibliography, etc নির্ঘণ্ট
590 ## - Name of Cataloguer
Name of Cataloger joy
650 ## - SUBJECT ADDED ENTRY--TOPICAL TERM
Topical term or geographic name as entry element স্বাধীনতাযুদ্ধ
Geographic subdivision বাংলাদেশ
650 ## - SUBJECT ADDED ENTRY--TOPICAL TERM
Topical term or geographic name as entry element স্বাধীনতাযুদ্ধ
General subdivision বিদেশী প্রতিক্রিয়া
Geographic subdivision বাংলাদেশ
942 ## - ADDED ENTRY ELEMENTS (KOHA)
Source of classification or shelving scheme Dewey Decimal Classification
Koha item type Book
Holdings
Withdrawn status Lost status Source of classification or shelving scheme Damaged status Not for loan Collection code Home library Branch Name Shelving location Date acquired Total Checkouts Full call number Barcode Date last seen Price effective from Koha item type
Withdrawn   Dewey Decimal Classification   Not For Loan Reference SAU Library SAU Library Reference 11/06/2015   ৯৫৪.০৫১ বাংলাদে 31221 11/06/2015 11/06/2015 Book